000 00584nam a2200205Ia 4500
003 GCL
008 140319s9999 xx 000 0 ara d
040 _aGCL /
_cGCL
082 0 4 _a809.05
_bر ع
100 1 _aدرينى خشبة
245 1 0 _aعمالقة الفن الغربى /
_cدرينى خشبة
700 1 _aراسكو، برتون
700 1 _aاحمد قاسم جودة
490 _aالالف كتاب
_v0
650 0 4 _aالعصر الحديث
650 0 4 _aالادب
650 0 4 _aالادب العالمى
650 0 4 _aتاريخ ونقد
942 _2ddc
_cBK
999 _c40263
_d40263